000 00439nam a22001817a 4500
999 _c7440
_d7438
005 20210218115510.0
008 210218b ||||| |||| 00| 0 eng d
020 _a978-93-85529-23-8
041 _aeng
082 _a615.3
100 _aJAIN, N.K.
_96341
245 _aPHARMACEUTICAL MICROBIOLOGY
250 _a3 RD, ED. 2019
260 _aDELHI
_bVALLABH PRAKASHAN
_c2019
300 _a488,p
650 _aPHARMACY
_96342
942 _cBK